Destinos del Aeropuerto Int. Mariscal Sucre (Quito) - Estadísticas

Estadísticas generales
  • Esta prueba ha sido intentada 16 veces
    6 desde el último reinicio
  • La puntuación promedio es 16 de 24
Estadísticas de respuestas
Aerolíneas Destino % Correcto
Delta Airlines Atlanta
100%
AviancaLATAM Airlines Bogotá
100%
Aeroregional Ciudad de Panamá (BLB)
100%
Copa Airlines Ciudad de Panamá (PTY)
100%
Avianca
LATAM Airlines
Guayaquil
100%
Air Europa Iberia Madrid
100%
American AirlinesLATAM Airlines Miami
100%
Avianca Buenos Aires (EZE)
80%
JetSMART
LATAM Airlines
Lima
80%
Avianca Medellín
80%
Avianca Nueva York
80%
Avianca San José (CR)
80%
United Airlines Houston
60%
AeroregionalArajet Punta Cana
60%
KLM Ámsterdam
40%
Avianca
LATAM Airlines
Baltra
40%
Aeroregional Catamayo
40%
AviancaLATAM Airlines Cuenca
40%
AeroregionalLATAM Airlines El Coca
40%
Aeroregional Esmeraldas
40%
AviancaLATAM Airlines Manta
40%
Aeroregional Santa Rosa
40%
Avianca
LATAM Airlines
San Cristóbal
20%
Avianca San Salvador
20%
No se encontraron pruebas coincidentes
Distribución de puntuación
Porcentaje de gente con cada puntuación
Porcentaje por número respondido
Historial de tus puntuaciones
No has intentado esta prueba desde el último reinicio